| 000 | 00410nam a2200169Ia 4500 | ||
|---|---|---|---|
| 005 | 20240921143916.0 | ||
| 008 | 240921s9999||||xx |||||||||||||| ||und|| | ||
| 041 | _aENGLISH | ||
| 082 | _A621.38804 P6 | ||
| 100 | _aGulati R R | ||
| 245 | 0 | _aMonochrome and Colour Television | |
| 250 | _a2nd | ||
| 260 |
_c2006 _bPHI,New _aNew Delhi |
||
| 650 |
_aTelevision _bElectronics |
||
| 942 | _cBB | ||
| 999 |
_c248751 _d248751 |
||